000 00257nam a2200109Ia 4500
008 230320s9999||||xx |||||||||||||| ||spa||
082 _aTS/510/M5
100 _aTori Loza, Armando
245 0 _aMatemática 2
260 _bEditora Metrocolor
942 _80
_cLIB
999 _c46413
_d46413